00574nam a22001937a 450000500170000001000130001702000220003003700160005204000120006808200150008010000160009524500410011126000420015227000400019430000190023450000520025365000230030565000520032820170124105945.0 aA-702144 c00.00a8124600325 bCen Lib/Ret aDPLbEN a230.1bMOG aMoghe, S.G. aA peep at indology /cby S.G. Moghe  bD.K. Printworld (P) Ltd.aDelhic1994 aH-12, Bali NagarbNew Delhie110015 a136p.c22m(Hb) aIncludes bibliographical references and index.  aVedic philology.  a Sanskrit literature -- History and criticism.